| 000 | 01647cam a2200373 a 4500 | ||
|---|---|---|---|
| 001 | EDZ0000067642 | ||
| 003 | StDuBDS | ||
| 005 | 20161031105138.0 | ||
| 006 | m||||||||d|||||||| | ||
| 007 | cr ||||||||||| | ||
| 008 | 120405s2004 enka fo| 001|0|eng d | ||
| 020 |
_a9781446211618 (ebook) : _cNo price |
||
| 040 |
_aStDuBDS _beng _cStDuBDS _epn |
||
| 049 | _aAlfaisal Main Library | ||
| 050 | 0 |
_aHD31 _b.I559 2004 |
|
| 082 | 0 | 4 |
_a658.4012 _223 |
| 245 | 0 | 0 |
_aIntegrated performance management _h[electronic resource] : _ba guide to strategic implementation / _cedited by Kurt Verweire and Lutgart van den Berghe. |
| 260 |
_aLondon : _bSAGE, _cc2004. |
||
| 300 |
_a1 online resource (xvii, 334 p.) : _bill. |
||
| 504 | _aIncludes bibliographical references and index. | ||
| 520 | 8 | _aLinking various disciplines and management functions this book provides the reader with a concrete framework to manage organizations successfully. The contributors do not isolate a single strategy to manage performance. Instead, the book focuses on a range of strategies providing the reader with an introduction to each one. | |
| 521 | _aSpecialized. | ||
| 588 | _aDescription based on print version record. | ||
| 650 | 0 | _aManagement. | |
| 650 | 0 | _aBusiness planning. | |
| 650 | 0 | _aOrganizational effectiveness. | |
| 655 | 7 |
_aElectronic books. _2local |
|
| 700 | 1 | _aVerweire, Kurt. | |
| 700 | 1 |
_aBerghe, L. van den _q(Lutgart), _d1951- |
|
| 710 | 2 | _aSage eBooks | |
| 776 | 0 | 8 |
_iPrint version : _z9781412901550 |
| 856 | 4 | 0 | _uhttp://ezproxy.alfaisal.edu/login?url=http://sk.sagepub.com/books/integrated-performance-management |
| 942 |
_2lcc _cEBOOKS |
||
| 999 |
_c480300 _d480300 |
||